ՄԱՅՐ ԱԹՈՌ ՍՈՒՐԲ ԷՋՄԻԱԾԻՆ

«ՎԱՉԵ ԵՎ ԹԱՄԱՐ ՄԱՆՈՒԿՅԱՆ» ՄԱՏԵՆԱԴԱՐԱՆ

The alphabetic labyrinth: (Record no. 68146)

MARC details
000 -LEADER
fixed length control field 01326nam a22002297a 4500
003 - CONTROL NUMBER IDENTIFIER
control field SEM
005 - DATE AND TIME OF LATEST TRANSACTION
control field 20220608074054.0
008 - FIXED-LENGTH DATA ELEMENTS--GENERAL INFORMATION
fixed length control field 180718b ||||| |||| 00| 0 eng d
020 ## - INTERNATIONAL STANDARD BOOK NUMBER
International Standard Book Number 0500280681
040 ## - CATALOGING SOURCE
Original cataloging agency SEM
Transcribing agency SEM
041 0# - LANGUAGE CODE
Language code of text/sound track or separate title eng.
080 ## - UNIVERSAL DECIMAL CLASSIFICATION NUMBER
Universal Decimal Classification number 003.334.1/D-83
100 1# - MAIN ENTRY--PERSONAL NAME
Personal name Drucker Johanna
245 24 - TITLE STATEMENT
Title The alphabetic labyrinth:
Remainder of title the letters in history and imagination. /
Statement of responsibility, etc. J. Drucker
260 ## - PUBLICATION, DISTRIBUTION, ETC.
Place of publication, distribution, etc. London:
Name of publisher, distributor, etc. Thames and Hudson Ltd,
Date of publication, distribution, etc. 1999.
300 ## - PHYSICAL DESCRIPTION
Extent 320 p.;
Other physical details ill.;
Dimensions 26 cm
500 ## - GENERAL NOTE
General note [The alphabet in context. Origins and historians. The alphabet in classical history, philosophy and divination. Gnosticism, Hermeticism, Neo-platonism and Neo-pythagoreanism: the alphabet in Hellenistic and Early Christian era. Calligraphy, alchemy and ars combinatoria in the medieval period. The Kabbalah. Rationalizing the alphabet: construction, real character and philosophical languages in the Renaissance. The social contract, primitivism and nationalism: the alphabet in the 18th century. The alphabet in the 19th century: advertising, visible speech and narratives of history. 20th century: eclecticism, technology and the idiosyncratic imagination]
504 ## - BIBLIOGRAPHY, ETC. NOTE
Bibliography, etc. note Notes - p.: 309-311; Biblio. - p.: 312-315; Index - p.: 316-320
650 ## - SUBJECT ADDED ENTRY--TOPICAL TERM
Topical term or geographic name entry element Alphabet
General subdivision history
650 ## - SUBJECT ADDED ENTRY--TOPICAL TERM
Topical term or geographic name entry element Writing
General subdivision history
942 ## - ADDED ENTRY ELEMENTS (KOHA)
Source of classification or shelving scheme Universal Decimal Classification
Koha item type Գրքեր/Books
Holdings
Withdrawn status Lost status Source of classification or shelving scheme Damaged status Not for loan Collection code Home library Current library Date acquired Cost, normal purchase price Inventory number Total Checkouts Full call number Barcode Date last seen Price effective from Koha item type Public note
    Universal Decimal Classification     Գրապահոց Մայր Աթոռ Սուրբ Էջմիածին «Վաչե և Թամար Մանուկյան» Մատենադարան Մայր Աթոռ Սուրբ Էջմիածին «Վաչե և Թամար Մանուկյան» Մատենադարան 18/07/2018 2000.00 E-6569   003.334.1/D-83 E-6569 18/07/2018 18/07/2018 Գրքեր/Books Սպասարկվում է ընթերցասրահ